Statistics for Star Wars Trivia #2

Click here to take the quiz!

General Stats

  • This quiz has been taken 31,953 times
  • The average score is 14 of 20

Answer Stats

Question Answer % Correct
What character has a purple light saber?Mace Windu
88%
And what actor played that character?Samuel L. Jackson
88%
What is the name of the ice planet at the beginning of "The Empire Strikes Back"?Hoth
87%
On what planet does Luke Skywalker grow up?Tatooine
86%
What is Palpatine's Sith name?Darth {Sidious}
82%
Who did Han Solo shoot at the cantina?Greedo
79%
Who said “it's a trap!”Admiral Ackbar
79%
Padmé is queen of what planet?Naboo
77%
What settlement was led by Lando Calrissian?Cloud City
73%
What planet is destroyed by the Death Star?Alderaan
73%
On what swampy planet does Luke find Yoda?Dagobah
72%
What is the name of the fighter spacecraft flown by the empire?TIE Fighters
72%
What was Han Solo “encased” in for his delivery to Jabba the Hut?Carbonite
70%
And what actor played him in the prequels?Ewan McGregor
70%
This cantina was located in what spaceport?Mos Eisley
67%
What type of droid was C-3PO?Protocol
67%
What type of creature does Han Solo cut open so that Luke can stay warm inside it?Tauntaun
59%
What actor played Obi Wan Kenobi in the original series?Alec Guinness
51%
What type of farmers were Uncle Owen and Aunt Beru?{Moisture} Farmers
50%
Growing up, what animals did Luke Skywalker “bullseye” in his T-16?Womp Rats
41%

Score Distribution

Percentile by Number Answered

Percent of People with Each Score

Your Score History

You have not taken this quiz